Kisah Nabi Yusuf A.S. dengan isteri Al-Aziz / (Record no. 901)
[ view plain ]
| 000 -LEADER | |
|---|---|
| fixed length control field | nam a22 a 4500 |
| 003 - CONTROL NUMBER IDENTIFIER | |
| control field | AKMAL |
| 005 - DATE AND TIME OF LATEST TRANSACTION | |
| control field | 20170505164358.0 |
| 008 - FIXED-LENGTH DATA ELEMENTS--GENERAL INFORMATION | |
| fixed length control field | 170505s1995 my | e | 000 0 may d |
| 020 ## - INTERNATIONAL STANDARD BOOK NUMBER | |
| International Standard Book Number | 9830460282 (kkt.) : |
| Terms of availability | RM5.00 |
| 039 #9 - LEVEL OF BIBLIOGRAPHIC CONTROL AND CODING DETAIL [OBSOLETE] | |
| Level of rules in bibliographic description | 200808131508 |
| Level of effort used to assign nonsubject heading access points | azma |
| Level of effort used to assign subject headings | 200806300902 |
| Level of effort used to assign classification | aidayasmalizay |
| 040 ## - CATALOGING SOURCE | |
| Original cataloging agency | AKMAL |
| Transcribing agency | AKMAL |
| 041 1# - LANGUAGE CODE | |
| Language code of text/sound track or separate title | may |
| Language code of original | ara |
| 049 ## - LOCAL HOLDINGS (OCLC) | |
| Holding library | mal |
| 082 04 - DEWEY DECIMAL CLASSIFICATION NUMBER | |
| Classification number | 297.18 MUH |
| Edition number | 22 |
| 090 00 - LOCALLY ASSIGNED LC-TYPE CALL NUMBER (OCLC); LOCAL CALL NUMBER (RLIN) | |
| Classification number (OCLC) (R) ; Classification number, CALL (RLIN) (NR) | 297.18 |
| Local cutter number (OCLC) ; Book number/undivided call number, CALL (RLIN) | MUH |
| 100 1# - MAIN ENTRY--PERSONAL NAME | |
| Personal name | Quthub, Muhammad Ali |
| 9 (RLIN) | 1926 |
| 245 10 - TITLE STATEMENT | |
| Title | Kisah Nabi Yusuf A.S. dengan isteri Al-Aziz / |
| Statement of responsibility, etc. | Muhammad Ali Qutub ; penterjemah Mohd. Roihan Hasbullah & Syahrin Nasution |
| 246 1# - VARYING FORM OF TITLE | |
| Display text | Judul asal : |
| Title proper/short title | Yusuf Alaihissalam Wa Imra'atu Al-Aziz |
| 260 ## - PUBLICATION, DISTRIBUTION, ETC. | |
| Place of publication, distribution, etc. | Kuala Lumpur : |
| Name of publisher, distributor, etc. | Darul Nu'man, |
| Date of publication, distribution, etc. | 1995 |
| 300 ## - PHYSICAL DESCRIPTION | |
| Extent | vi, 108ms. ; |
| Dimensions | 19cm. |
| 500 ## - GENERAL NOTE | |
| General note | Mengandungi ayat-ayat dari Quran |
| 650 10 - SUBJECT ADDED ENTRY--TOPICAL TERM | |
| Topical term or geographic name entry element | Prophets, Pre-Islamic |
| 9 (RLIN) | 1770 |
| 650 20 - SUBJECT ADDED ENTRY--TOPICAL TERM | |
| Topical term or geographic name entry element | Prophets in the Qur'an |
| 9 (RLIN) | 757 |
| 650 20 - SUBJECT ADDED ENTRY--TOPICAL TERM | |
| Topical term or geographic name entry element | Islamic stories, Malay |
| 9 (RLIN) | 1556 |
| 700 0# - ADDED ENTRY--PERSONAL NAME | |
| Personal name | Mohd Roihan Hasbullah |
| 9 (RLIN) | 1927 |
| 700 1# - ADDED ENTRY--PERSONAL NAME | |
| Personal name | Nasution, Syahrin |
| 9 (RLIN) | 1549 |
| 942 ## - ADDED ENTRY ELEMENTS (KOHA) | |
| Source of classification or shelving scheme | |
| Koha item type | Book |
| Withdrawn status | Lost status | Source of classification or shelving scheme | Damaged status | Not for loan | Collection code | Home library | Current library | Date acquired | Inventory number | Total Checkouts | Full call number | Barcode | Date last seen | Price effective from | Koha item type |
|---|---|---|---|---|---|---|---|---|---|---|---|---|---|---|---|
| NON-FICTION | AKMAL Melaka | AKMAL Melaka | 05.05.2017 | 200722 | 297.18 MUH | 201701933 | 05.05.2017 | 05.05.2017 | Book |
